Determinacion de las especies minerales por el sistema químico de Mr. F. Kobell / (Record no. 158470)
[ view plain ]
| 000 -LEADER | |
|---|---|
| campo de control de longitud fija | 00973nam a2200169 i 4500 |
| 001 - NÚMERO DE CONTROL | |
| campo de control | 158470 |
| 003 - IDENTIFICADOR DE NÚMERO DE CONTROL | |
| campo de control | ES-MaACL |
| 005 - FECHA Y HORA DE LA ÚLTIMA TRANSACCIÓN | |
| campo de control | 20230906211149.0 |
| 008 - DATOS DE LONGITUD FIJA--INFORMACIÓN GENERAL | |
| campo de control de longitud fija | 950111s1871 sp |||| | spa d |
| 100 1# - ENTRADA PRINCIPAL--NOMBRE DE PERSONA | |
| Nombre de persona | Maestre, Amalio ( |
| Fechas asociadas al nombre | 1812-1872) |
| 9 (RLIN) | 129332 |
| 245 10 - MENCIÓN DEL TÍTULO | |
| Título | Determinacion de las especies minerales por el sistema químico de Mr. F. Kobell / |
| Mención de responsabilidad, etc. | modificado y ampliado por Amalio Maestre. |
| 260 ## - PUBLICACIÓN, DISTRIBUCIÓN, ETC. | |
| Lugar de publicación, distribución, etc. | Madrid : |
| Nombre del editor, distribuidor, etc. | [s.n.], |
| Fecha de publicación, distribución, etc. | 1871 ( |
| Fabricante | Imp. de Segundo Martínez) |
| 300 ## - DESCRIPCIÓN FÍSICA | |
| Extensión | 88, [8] p., [1] h. pleg. ; |
| Dimensiones | 23 cm. |
| 650 #4 - PUNTO DE ACCESO ADICIONAL DE MATERIA--TÉRMINO DE MATERIA | |
| Término de materia o nombre geográfico como elemento de entrada | Minerales- |
| Subdivisión general | Análisis. |
| 9 (RLIN) | 167511 |
| 852 ## - LOCALIZACIÓN | |
| Ubicación | ES-MaACL |
| Número de control de estantería | T-354-F-6 |
| Nota libre | - Enc. hol. |
| -- | . - Ex-libris ms. de Gustavo Saenz Díez |
| -- | . - Ded. ms. Francisco Javier Ainsua a los Escolares Médicos |
| condición física | - Falto de cub. original |
| Nota libre | - Enc. en un vol. facticio |
| 852 ## - LOCALIZACIÓN | |
| Ubicación | ES-MaACL |
| Número de control de estantería | T-906-F-1 |
| Nota libre | -- Enc. hol. |
| -- | -- Donación de Federico de Botella y de Hornos |
| -- | -- An. ms.: ded. del autor a Federico de Botella |
| condición física | -- Falto de la cub. original |
| Nota libre | -- Enc. en un vol. facticio |
| Estatus retirado | Estado de pérdida | Estado de daño | No para préstamo | Colección | Biblioteca de origen | Biblioteca actual | Ubicación en estantería | Fecha de adquisición | Total de préstamos | Signatura topográfica completa | Código de barras | Visto por última vez | Precio de reemplazo | Tipo de ítem Koha |
|---|---|---|---|---|---|---|---|---|---|---|---|---|---|---|
| Colección de folletos | Biblioteca del Ateneo de Madrid | Biblioteca del Ateneo de Madrid | Depósito folletos | 17/01/2008 | T-906-F-1 | 1165864 | 23/02/2023 | 23/02/2023 | Folleto | |||||
| Colección de folletos | Biblioteca del Ateneo de Madrid | Biblioteca del Ateneo de Madrid | Depósito folletos | 17/01/2008 | T-354-F-6 | 1165863 | 23/02/2023 | 23/02/2023 | Folleto |
